| 000 | 01033cab a2200277 4500 | ||
|---|---|---|---|
| 001 | ABS57226 | ||
| 008 | 090401t1997 xxu||||| |||| 00| 0 eng d | ||
| 035 | _a(Sirsi) u79746 | ||
| 041 | _aeng | ||
| 100 | _aAnstey, M. | ||
| 245 | 2 | _aA better way to settle | |
| 260 | _c1997 | ||
| 350 | _a0 | ||
| 490 |
_aEstates Gazette _v(9728) 12 July 1997, 126-128(3) |
||
| 520 | _aDetails the new RICS/Law Society Professional Arbitration on Court Terms (PACT) scheme, through which landlords and tenants may appoint arbitrators and independent experts to determine lease renewal terms. Outlines how the scheme works and procedures to be followed, as well as the advantages it offers. | ||
| 650 | _aINDEPENDENT EXPERTS | ||
| 650 | _aLAW SOCIETY | ||
| 650 | _aLEASE RENEWAL | ||
| 650 | _aPACT | ||
| 650 | _aRICS | ||
| 650 | _aTERMS OF LEASE | ||
| 690 | _aMANAGEMENT-DISPUTE AVOIDANCE, MANAGEMENT AND RESOLUTION-DISPUTE MANAGEMENT AND RESOLUTION-ARBITRATION | ||
| 700 | _aGyngell, Torquil | ||
| 942 | _n0 | ||
| 948 | _c21/07/1997 | ||
| 999 |
_c50169 _d50169 |
||